|
|
|
|
| LEADER |
00000cam a2200000 a 4500 |
| 001 |
vtls008342252 |
| 003 |
SK-MaSNL |
| 005 |
20260301123225.0 |
| 008 |
240318s1975 xo 000 slo |
| 015 |
|
|
|a SKSNBA1975/07-01631
|
| 035 |
|
|
|a SK01SNK19750034469
|
| 035 |
|
|
|a SKM000036932
|
| 040 |
|
|
|a SNK
|b slo
|c SNK
|e AACR2
|
| 041 |
0 |
|
|a slo
|
| 044 |
|
|
|a xo
|c SK
|
| 080 |
|
|
|a 371.3:633(072)
|2 1981
|
| 080 |
|
|
|a 633:371.3(072)
|2 1981
|
| 100 |
1 |
|
|a Krištín, Ján
|4 aut
|9 6327
|
| 245 |
1 |
0 |
|a Rastlinná výroba
|b odborno-metodická príručka na vyučovanie v 3. ročníku SPTŠ
|c autori: Ján Krištín... [et al.]
|
| 250 |
|
|
|a 1. vyd.
|
| 260 |
|
|
|a Bratislava
|b Slovenské pedagogické nakladateľstvo
|c 1975
|e Bratislava
|f Západoslovenské tlačiarne, n. p.;
|
| 300 |
|
|
|a 243, [4] s.
|c 8°
|
| 490 |
1 |
|
|a Na pomoc učiteľom
|
| 500 |
|
|
|a Tb.
|
| 563 |
|
|
|a 800 výtl. Účelová publikácia Min. školstva SSR
|
| 650 |
0 |
7 |
|a rastlinná výroba
|2 SNKPH
|9 2835
|
| 655 |
|
7 |
|a metodické príručky
|2 SNKPH
|9 70250
|
| 700 |
1 |
|
|a Krištín, Ján
|4 aut
|9 6327
|
| 830 |
|
0 |
|a Na pomoc učiteľom
|9 279928
|
| 852 |
|
|
|a Slovenská národná knižnica v Martine
|b 10000
|h SC 36710
|
| 852 |
|
|
|a Slovenská národná knižnica v Martine
|b 10000
|h SC 36710 D1
|
| 958 |
|
|
|a OND
|
| 958 |
|
|
|a TL
|
| 958 |
|
|
|a RK
|
| 999 |
|
|
|c 735481
|d 737411
|
| 952 |
|
|
|a SNK
|b SNK
|y VYP
|7 0
|p 17A1150877
|o snkSC 36710 D1
|i snkKSP 4692/75
|0 0
|1 0
|4 0
|d 2016-09-19
|l 0
|r 2026-02-23 22:42:57
|w 2026-02-23
|